Dreviny na kmienkoch

Bibliographic Details
Main Author: Kvizdová, Jana (Author)
Format: Article
Language:Slovak
Subjects:

MARC

LEADER 00000nab a2200000 ar4500
001 vtls008426563
003 SK-MaSNL
005 20260303065938.0
008 060126c2005 xo mr|p|||||||000 b|slo
015 |a SNBRB2006/01  |2 snkbucl 
038 |a SNKBUCL 
040 |a SNKBUCL  |b slo  |c SNKBUCL  |e AACR2 
041 0 |a slo 
044 |a xo  |c SK 
080 |a 635.92.054:631.542.3  |2 1997 
080 |a 631.542.3  |2 1997 
100 1 |a Kvizdová, Jana  |4 aut  |9 859035 
245 1 0 |a Dreviny na kmienkoch  |c Jana Kvizdová 
300 |b Fotogr., obr. 
650 0 7 |a okrasné kry  |2 snkbucl  |9 82772 
650 0 7 |a tvarovanie rastlín  |2 snkbucl  |9 31785 
773 0 |t Záhradkár  |g Roč. 41, č. 10 (2005), s. 31-33  |x 0862-5565 
852 |a SNK  |b KIS3GCP 
999 |c 1753370  |d 1755300